1057 1451 1854 1386 1209 1919 1369 1580 1723 1302 1442 1642 1182 1700 1530 1529 1911 1015 1677 1635 1648 1554 1631 1642 1362 1859 1779 1130 1384 1860 1819 1501 1368 1495 1917 1931 1683 1582 1619 1667 1168 1786 1026 1908 1746 1324 1155 1294 1341 1568 1919 1822 1983 1914 1628 1582 1107 1744 1283 1544 1418 1593 1694 1097 1677 1292 1164 1195 1518 1748 1691 1942 1698 1932 1336 1008 1344 1329 1489 1072 1092 1761 1478 1403 1065 1142 1482 1553 1770 1160 1960 1862 1771 1342 1617 1425 1780 1967 1141 BCNSPRNW ULIB Ver.6.0+V

เปลี่ยนเป็นภาษาไทย

Change to English
 แสดงรายละเอียดบรรณานุกรม
  กลับหน้าหลัก

Brief Record : Get Marc (ISO 2709) : E-mail record : QR code < ปิดหน้าต่าง
LEADER : 00000nam 2200000uu 4500
001    13399112733
003     ULIB
008    110907s||||||||th 000 0 tha d
050  4 LB1027.43^bส816ส มปป.
100 0  สุนันทา สุนทรประเสริฐ
245 10 สอนง่าย เรียนสบาย มีความสุขสนุกกับโครงงาน /^cสุนันทา สุนทรประเสริฐ
260    ชัยนาท :^bชมรมพัฒนาความรู้ด้านระเบียบกฎหมาย,^cมปป.
300    69 หน้า
650  7 โครงงาน^xการสอน
945    ^p50^l0^i027332
995    ทศพร
999 ^a ทศพร
รายการนี้ยังไม่มีแท็ก
คุณยังไม่ได้ล็อกอิน คุณสามารถมีกิจกรรมร่วมกับเว็บไซต์ได้ แต่ต้องล็อกอินก่อน ::
  ล็อกอิน

รายการสื่อสารสนเทศ

ลำดับที่ ประเภท เลขเรียก/บาร์โค้ด สถานที่ สถานะ
- ไม่พบข้อมูล -

รายการใกล้เคียง
    ผู้แต่ง [สุนันทา สุนทรประเสริฐ]

BibComment


ยังไม่เคยถูกคอมเมนท์

คอมเมนท์ทรัพยากรรายการนี้
  คอมเมนท์: สอนง่าย เรียนสบาย..


 Copyright 2026. Bcnsprnw @Library